000 01170nam a2200325 i 4500
001 187555
003 ES-MaACL
005 20250707035515.0
008 171123s1994 sp b |||| |aspa d
020 _a84-7444-842-5
080 _a840-992"15"
080 _a914"15"(0:82)
100 1 _aMontaigne, Michel de,
_d1533-1592
_982329
245 1 0 _aDiario del viaje a Italia /
_cMichel de Montaigne ; edición de José Miguel Marinas y Carlos Thiebaut.
250 _a1ª ed.
260 _a[Madrid] :
_bDebate,
_c1994.
300 _aLIV, 211 p. :
_b1 mapa ;
_c24 cm.
490 1 _aClásicos del pensamiento
500 _aÍndice.
504 _aBibliografía: p. LI-LIV.
546 _aTexto en francés y traducción en español.
651 4 _aEuropa-
_xDescripción.
_98594
700 1 _aMarinas, José Miguel.
_976830
700 1 _aThiebaut, Carlos.
_9109931
830 0 0 _aClásicos del pensamiento
_9177261
852 _aES-MaACL
_jA-14040
_9194641
_bR.151591
_cDEPO1
_dOlim: N-7040
_hDonación: Roberta Ann Quance
903 _994482
_aQuance, Roberta Ann
_ednr
942 _2udc
_cMONOGRAFIA
999 _c187555
_d187555